• 首页
  • 本馆介绍
  • 公告通知
  • 最新文献
  • 馆藏检索
  • 电子资源
  • 读者导购
  • 参考咨询
  • 我的图书馆
  • 登录
  • 详细信息显示
  • 放入我的书架
  • 预约/预借图书
  • 作者相关作品
  • 分类相关作品
  • 丛书相关作品
  • 出版社相关作品

书目信息

  • 表格格式
  • 工作单格式
  • 卡片格式
题名:
正宗过瘾川菜
    
 
作者: 于海娣 主编
分册:  
出版信息: 北京   北京联合出版公司  2014
页数: 229页
开本: 26cm
丛书名:
单 册:
中图分类: TS972.182.71 , TS972.18
科图分类:
主题词: 川菜--菜谱
电子资源:
ISBN: 978-7-5502-2681-4
000 00797nam0 2200241 450
001 2368722006
005 20231110101022.94
010    @a978-7-5502-2681-4@dCNY68.00
100    @a20141218d2022 em y0chiy50 ea
101 0  @achi
102    @aCN@b110000
105    @aa z 000yy
200 1  @a正宗过瘾川菜@9zheng zong guo yin chuan cai@f于海娣主编
210    @a北京@c北京联合出版公司@d2014
215    @a229页@c彩图@d26cm
300    @a舌尖上的生活家常美食
330    @a本书分为川菜相关知识、经典川菜、家常川菜和川味火锅四个部分,精选了川菜中深受大众喜爱的畜肉、禽蛋、水产海鲜、素菜等四大类共355道菜肴,讲解详尽。
606 0  @a川菜@x菜谱
690    @aTS972.182.71@v5
690    @aTS972.18@v4
701  0 @a于海娣@9yu hai di@4主编
801  0 @aCN@b91MARC@c20150426
905    @aBZT@dTS972.18@e9
    
    正宗过瘾川菜/于海娣主编.-北京:北京联合出版公司,2014
    229页:彩图;26cm
    舌尖上的生活家常美食
    
    ISBN 978-7-5502-2681-4:CNY68.00
    本书分为川菜相关知识、经典川菜、家常川菜和川味火锅四个部分,精选了川菜中深受大众喜爱的畜肉、禽蛋、水产海鲜、素菜等四大类共355道菜肴,讲解详尽。
●
相关链接 在五车中查询图书 在当当中查询图书 在豆瓣中查询图书


正题名:正宗过瘾川菜     索取号:TS972.18/9         预约/预借

序号 登录号 条形码 馆藏地/架位号 状态 备注
1 2000939665   2000939665   安徽时代转三新/湖北三新(第三批)/121/ [索取号:TS972.18/9] 在馆    
2 2000939666   2000939666   安徽时代转三新/湖北三新(第三批)/121/ [索取号:TS972.18/9] 在馆    
3 2000939667   2000939667   安徽时代转三新/湖北三新(第三批)/121/ [索取号:TS972.18/9] 在馆    
4 2000939668   2000939668   安徽时代转三新/湖北三新(第三批)/121/ [索取号:TS972.18/9] 在馆    
5 2000939669   2000939669   安徽时代转三新/湖北三新(第三批)/121/ [索取号:TS972.18/9] 在馆    
6 2000939670   2000939670   安徽时代转三新/湖北三新(第三批)/121/ [索取号:TS972.18/9] 在馆    
山东省滨州职业学院图书馆 欢迎您!
大连网信软件有限公司© 版权所有